01017cam a22002651i 45000010005000000030008000050050017000130080041000300350018000710350019000890400033001080410008001410820027001491000058001762450080002342600038003143000042003525040020003946510040004146510076004547000055005309420012005859990015005979520139006124288BD-RjUL20211208233851.0131222s1954 nyuac 001 0 eng d a(BD-RjUL)4323 a(OCoLC)3565401 aDLCcDNIEdDLCdBD-RjULbeng aeng00223a306.0973bREC 19541 aRexford, Frank A.q(Frank Adison),d1876-1941.91358514aThe constitution of our country /cby Frank A. Rexford and Clara L. Carson. aNew York :bAmerican Book,c1954. axviii, 190 p. :bill., ports.c18 cm. aIncludes index. 0aUnited StatesxConstitution.913586 0aUnited StatesxPolitics and governmentvHandbooks, manuals, etc.9135871 aCarson, Clara Louise,d1885-ejoint author.913588 2ddccBK c4288d4288 00102ddc40718NFICaRUCLbRUCLcReadingd1956-09-26eU.S.I.S. Gift l0o306.0973 REC 1954r2013-12-22 00:00:00tC-1w2021-12-08yBK